000 00457nam a22001577a 4500
003 macl
005 20221206133157.0
008 221206b |||||||| |||| 00| 0 eng d
040 _cmacl
082 _a954
100 _aVISIONI IAS
_981591
245 _aआधुनिक भारत का इतिहास भाग -1
260 _bVISIONI IAS
_c2022
650 _aभाारतीय इतिहास
_966505
942 _2ddc
_cHIN
999 _c65699
_d65699